Niektoré charakteristiky sociálno-ekonomických zmien v Slovenskej republike od roku 1989

Výber najzaujímavejších tém projektu Detského fondu UNICEF "Monitorovanie transformácie v strednej a vo východnej Európe" z oblasti demografie, zdravia, sociálneho zabezpečenia, trhu práce, kriminality, vzdelania a sociálnej transformácie v SR v r. 1989-1993, v niektorých štatistikách aj za r. 1994,...

ver descrição completa

Na minha lista:
Detalhes bibliográficos
Autor principal: Olexa, Milan
Formato: Capítulo de Livro
Idioma:eslovaco
Assuntos:
Tags: Adicionar Tag
Sem tags, seja o primeiro a adicionar uma tag!

MARC

LEADER 00000naa a2200000 4500
001 r024902
005 20221213095827.6
041 0 |a slo 
044 |a SK 
245 1 0 |a Niektoré charakteristiky sociálno-ekonomických zmien v Slovenskej republike od roku 1989  |c M. Olexa 
520 |a Výber najzaujímavejších tém projektu Detského fondu UNICEF "Monitorovanie transformácie v strednej a vo východnej Európe" z oblasti demografie, zdravia, sociálneho zabezpečenia, trhu práce, kriminality, vzdelania a sociálnej transformácie v SR v r. 1989-1993, v niektorých štatistikách aj za r. 1994, na ktorom sa zúčastňuje Štatistický úrad SR. 
610 2 0 |a Slovensko 
610 2 0 |a demografia 
610 2 0 |a 1989-1994 
610 2 0 |a reformy hospodárske 
610 2 0 |a zdravie 
610 2 0 |a zabezpečenie sociálne 
610 2 0 |a zabezpečenie dôchodkové 
610 2 0 |a vzdelávanie 
610 2 0 |a kriminalita 
610 2 0 |a trh práce 
610 2 0 |a mzdy 
610 2 0 |a transformácia 
610 2 0 |a Detský fond Spojených národov 
610 2 0 |a Štatistický úrad SR Bratislava 
100 1 |a Olexa, Milan